Представление документа в формате RUSMARC

ПолеНазваниеЗначение
  Тип записи a
  Библиографический уровень c
001 Контрольный номер RU/SLIB/B/208756437
005 Дата корректировки 20231123112351.3
010 Индекс ISBN __
d Цена 22700-00
101 Язык документа 0_
a Язык текста rus
c Язык оригинала hun
200 Заглавие и сведения об ответственности 1_
a Заглавие История папства
e Сведения, относящиеся к заглавию пер. с венг.
f Первые сведения об ответственности Гергей Е.
b Общее обозначение материала Текст
210 Выходные данные 1_
a Место издания М.
c Издательство Республика
d Дата издания 1996
215 Физическое описание __
a Объем 464 с.
606 Тематические рубрики __
a Основная рубрика Религия. Мистика. Свободомыслие
606 Тематические рубрики __
a Основная рубрика Католицизм
610 Ключевые слова 0_
a Ключевые слова папство; история папства; религиозная литература; религиозные деятели; персоналии; Папа римский; биографии
686 Индексы других классификаций __
a Классификационный индекс 86.375-3
700 Автор _1
a Фамилия Гергей
b Имя Е.
4 Код отношения 070
801 Источник записи _0
a Страна RU
b Организация Муниципальное бюджетное учреждение культуры "Централизованная библиотечная система" г. Сургут (Центральная городская библиотека им. А. С. Пушкина)
g Правила каталогизации КиК/Елгина
801 Источник записи _1
a Страна RU
b Организация Муниципальное бюджетное учреждение культуры "Централизованная библиотечная система" г. Сургут (Центральная городская библиотека им. А. С. Пушкина)
g Правила каталогизации КиК/Елгина
852 Данные о местонахождении __
j Шифр хранения 86.375-3
c Каталожный индекс 86.375-3
i Авторский знак Г 37
p Инвентарный номер 59348
901 Тип документа __
t Тип документа x
969 Тип издания __
a Тип издания сборник
990 Данные о заказе (DOS) __
j Количество экземпляров (DOS) 2
t N записи в КСУ для И/У (DOS) 199701